Gemeenten van Noord-Brabant (2026) - Statistieken

Algemene statistieken
  • Deze quiz is 60 keer genomen
  • De gemiddelde score is 32 van 56
Antwoorden op de kaart
Antwoorden kleurgecodeerd door een groen-rode schaal op de quizkaart volgens % correct hieronder.
 
Antwoordstatistieken
Antwoord % Correct
Breda
100%
Tilburg
100%
Eindhoven
95%
's-Hertogenbosch
95%
Baarle-Nassau
86%
Oss
86%
Roosendaal
86%
Bergen op Zoom
82%
Waalwijk
82%
Etten-Leur
77%
Helmond
77%
Vught
77%
Altena
73%
Best
68%
Land van Cuijk
68%
Nuenen
68%
Veldhoven
68%
Oosterhout
64%
Deurne
59%
Boxtel
59%
Goirle
59%
Meierijstad
59%
Moerdijk
59%
Rucphen
59%
Alphen-Chaam
55%
Hilvarenbeek
55%
Sint-Michielsgestel
55%
Asten
50%
Oirschot
50%
Oisterwijk
50%
Son en Breugel
50%
Woensdrecht
50%
Zundert
50%
Dongen
45%
Drimmelen
45%
Eersel
45%
Geertruidenberg
45%
Gilze en Rijen
45%
Laarbeek
45%
Loon op Zand
45%
Someren
45%
Steenbergen
45%
Waalre
45%
Boekel
41%
Geldrop-Mierlo
41%
Reusel-De Mierden
41%
Valkenswaard
41%
Bernheze
36%
Bladel
36%
Gemert-Bakel
36%
Heeze-Leende
36%
Heusden
36%
Cranendonck
32%
Bergeijk
27%
Halderberge
27%
Maashorst
27%
Geen overeenkomende quizzen gevonden
Scoreverdeling
Procent van Mensen met Elke Score
Percentiel versus Aantal Correcte Antwoorden
Uw Scoregeschiedenis
U heeft deze quiz nog niet genomen